| 000 | 00323 a2200133 4500 | ||
|---|---|---|---|
| 001 | 88444 | ||
| 082 | _aPR 659 | ||
| 090 |
_c41869 _d41869 |
||
| 100 | _aThelander, J.A | ||
| 245 | _aAircraft Motion Analysis | ||
| 260 |
_aKarachi _bUniversity of Karachi _c1971 |
||
| 300 | _a99p. | ||
| 500 | _aBE Project Reports | ||
| 942 |
_aUniversity of Karachi _kPR 659 |
||
| 999 |
_c323517 _d323517 |
||